000 00871nam a2200229 i 4500
001 164320
003 ES-MaACL
005 20230906212920.0
008 040831s1838 fr |||| | fre d
100 1 _aSaint-Germain-Leduc (
_d1799-18.)
_9155285
245 1 0 _aEntretiens sur l'histoire du Moyen Age /
_cpar Saint-Germain-Leduc.
260 _aParis ;
_aStrasbourg :
_bchez F.G. Levrault.
300 _a404 p. ;
_c14 cm.
490 1 _aMaitre Pierre ou Le savant de village
490 1 _aBibliothèque de l'instruction populaire ;
_v37
594 _aEncabezamiento y 2ª serie tomados de BN Opale-Plus.
650 4 _aHistoria medieval-
_vMisceláneas.
_913413
830 1 _aMaitre Pierre ou Le savant de village
_9187710
830 1 _aBibliothèque de l'instruction populaire ;
_v37
_9187711
852 _aES-MaACL
_jD-5196(2)
_z- Enc. hol.
999 _c164320
_d164320